00638cam a22002293a 45000010005000000030006000050050017000110080041000280400015000690420007000840500007000911000033000982450066001312600029001975060030002265160020002566530022002766530013002986530028003118300028003398560041003674926PGUSA20140828083111.0040101s2004||||xxu|||||s|||||000 | eng d aPGUSAbeng adc 4aPN1 aBulfinch, Thomas,d1796-186714aThe Age of Chivalryh[electronic resource] /cThomas Bulfinch bProject Gutenberg,c2004 aPublic domain in the USA. aElectronic text aCelts -- Folklore aChivalry aArthur, King -- Legends 0aProject Gutenbergv492640uhttp://www.gutenberg.org/ebooks/4926